Nihon shihon shugi kyōkō riron no tenkai /

Saved in:
Bibliographic Details
Main Author: Taki, Tetsujirō.
Format: Book
Language:Japanese
Published: Tōkyō : Iwasaki Shoten, 1948.
Subjects:
Tags: Add Tag
No Tags, Be the first to tag this record!
LEADER 00938nam a2200277 a 4500
001 007745657-2
005 20024617115255.0
008 870508s1948 ja b 000 0 jpn
010 |a 87137504 /AJ 
035 0 |a ocm16523195 
040 |a DLC  |c DLC  |d *YNH*  |d CStRLIN 
043 |a a-ja--- 
050 0 |a HC462.7  |b .T345 1948 
100 1 |6 880-01  |a Taki, Tetsujirō. 
245 1 0 |6 880-02  |a Nihon shihon shugi kyōkō riron no tenkai /  |c Taki Tetsujirō cho. 
260 |6 880-03  |a Tōkyō :  |b Iwasaki Shoten,  |c 1948. 
300 |a 3, 3, 261 p. ;  |c 22 cm. 
504 |a Includes bibliographical references. 
650 0 |a Business cycles  |z Japan  |x History. 
651 0 |a Japan  |x Economic conditions  |y 1868- 
650 0 |a Capitalism  |z Japan  |x History. 
880 1 |6 100-01  |a 瀧哲二郎. 
880 1 0 |6 245-02  |a 日本資本主義恐慌理論の展開 /  |c 瀧哲二郎著. 
880 |6 260-03  |a 東京 :  |b 岩崎書店,  |c 1948. 
988 |a 20021209 
906 |0 DLC